| Tag |
First Indicator |
Second Indicator |
Subfields |
| LEADER |
00000cam a2200000 a 4500 |
| 001 |
in00001957921 |
| 005 |
20151029071917.0 |
| 008 |
040430s2004 enk 001 0 eng d |
| 020 |
|
|
|a 1857546555
|
| 035 |
|
|
|a (OCoLC)ocm55055774
|
| 040 |
|
|
|a OUN
|c OUN
|d UKM
|d TXA
|d UtOrBLW
|
| 049 |
|
|
|a TXAM
|
| 082 |
0 |
0 |
|a 824.914
|2 21
|
| 090 |
|
|
|a PN43
|b .J27 2004
|
| 100 |
1 |
|
|a Jackson, Kevin,
|d 1955-
|
| 245 |
1 |
0 |
|a Letters of introduction /
|c Kevin Jackson.
|
| 264 |
|
1 |
|a Manchester :
|b Carcanet,
|c 2004.
|
| 300 |
|
|
|a xii, 244 pages ;
|c 19 cm.
|
| 336 |
|
|
|a text
|b txt
|2 rdacontent
|
| 337 |
|
|
|a unmediated
|b n
|2 rdamedia
|
| 338 |
|
|
|a volume
|b nc
|2 rdacarrier
|
| 500 |
|
|
|a Includes index.
|
| 650 |
|
0 |
|a Literature
|v Miscellanea.
|
| 650 |
|
0 |
|a Literary curiosa.
|
| 948 |
|
|
|a cataloged
|b h
|c 2004/8/30
|d c
|e dmitchel
|f 2:44:20 pm
|
| 994 |
|
|
|a E0
|b TXA
|
| 999 |
|
|
|a MARS
|
| 999 |
f |
f |
|s 68121fa1-4f5d-3ce4-9ad6-a3d1f6e219ae
|i 8e693f86-f64a-3092-bc3a-5792f501027e
|t 0
|
| 952 |
f |
f |
|p ric
|a Texas A&M University
|b Rellis Campus
|c Joint Library Facility
|d Remote Storage
|t 0
|e PN43 .J27 2004
|h Library of Congress classification
|i unmediated -- volume
|m A14832235777
|
| 998 |
f |
f |
|a PN43 .J27 2004
|t 0
|l Remote Storage
|